| 000 | 00961cam a2200265 4500 | ||
|---|---|---|---|
| 008 | 040128n1992 000 0 eng u | ||
| 020 | _a0406115559 | ||
| 035 | _a(Sirsi) u124940 | ||
| 041 | _aeng | ||
| 050 |
_a346.410438 _c18 |
||
| 100 | _aSilverman, Frances | ||
| 245 |
_aSearches and Enquiries _ba conveyancer's guide |
||
| 250 | _a2nd ed | ||
| 260 |
_aLondon _bButterworths _c1992 |
||
| 300 |
_axxii, 352p. _c22cm |
||
| 350 | _a32.50 | ||
| 520 | _aRevised edition on undertaking searches in conveyancing transactions. Covers pre-contract enquiries and protocol forms, commons registration search forms, Land Registry forms and procedures and includes a commentary on "Enquiries of Local Authorities" 1991 edition. | ||
| 650 | _aCONVEYANCING | ||
| 650 | _aPROPERTY TRANSACTIONS | ||
| 650 | _aLAND REGISTRY SEARCHES | ||
| 650 | _aLOCAL AUTHORITIES | ||
| 650 | _aLOCAL SEARCHES | ||
| 690 | _aPROPERTY AND LAND LAW-CONVEYANCING | ||
| 942 | _n0 | ||
| 999 |
_c103317 _d103317 |
||